000 00790cam a22002414a 4500
001 14537781
005 20180206100013.0
008 060907s2007 kyua 001 0 eng
010 _a 2006029728
020 _a9781581501490
020 _a1581501498
040 _aDLC
_cDLC
_dDLC
041 _aeng
043 _an-us---
080 _a98.400922 edw
082 0 0 _a798.400922 edw
_aB
_222
100 1 _a16
101 _aHIS
245 1 0 _aMasters of the turf :
_cby Edward L. Bowen.
906 _a7
_bcbc
_corignew
_d1
_eecip
_f20
_gy-gencatlg
942 _2ddc
_cBK
999 _c41960
_d41960